[Event "I Magistral Silla & l'Alcudia Crespins"]
[Site "Alcudia de Crespins - Silla"]
[Date "2009.02.16"]
[Round "5.5"]
[White "Ibañez Aullana, Jose Ramon"]
[Black "Torres Sanchez, Jose"]
[Result "1/2-1/2"]
[WhiteElo "2308"]
[BlackElo "2330"]
[PlyCount "28"]
[EventDate "2009.02.09"]

1. e4 e5 2. Nf3 Nf6 3. d4 Nxe4 4. Bd3 d5 5. Nxe5 Nd7 6. Nxf7 Qe7 7. Nxh8 Nc3+
8. Kd2 Nxd1 9. Re1 Nxf2 10. Bxh7 Ne4+ 11. Rxe4 dxe4 12. Bg6+ Kd8 13. Nf7+ Ke8
14. Nd6+ Kd8 1/2-1/2

[Event "I Magistral Silla & l'Alcudia Crespins"]
[Site "Alcudia de Crespins - Silla"]
[Date "2009.02.17"]
[Round "6.2"]
[White "Calvo Alfonso, Vicente"]
[Black "Ibañez Aullana, Jose Ramon"]
[Result "1/2-1/2"]
[WhiteElo "2202"]
[BlackElo "2308"]
[PlyCount "61"]
[EventDate "2009.02.09"]

1. d4 c5 2. c3 Nf6 3. Nf3 g6 4. Bf4 Qb6 5. Qc1 Bg7 6. e3 d6 7. h3 O-O 8. Na3
Qc6 9. Be2 a6 10. c4 Qb6 11. O-O Nfd7 12. Qd2 e5 13. Bh2 Nc6 14. Nc2 cxd4 15.
exd4 Nxd4 16. Ncxd4 exd4 17. Rad1 d3 18. Bxd3 Ne5 19. Be2 Be6 20. b3 Rad8 21.
Nd4 Bc8 22. Nc2 Be6 23. Nd4 Bc8 24. Nc2 Be6 25. Nd4 Bd7 26. Nc2 Bc6 27. Nb4 Bh6
28. Qc3 Bg7 29. Qd2 Bh6 30. Qc3 Bg7 31. Qd2 1/2-1/2

[Event "I Magistral Silla & l'Alcudia Crespins"]
[Site "Alcudia de Crespins - Silla"]
[Date "2009.02.17"]
[Round "6.3"]
[White "Ortiz Suarez, Isam"]
[Black "Molina Rodriguez, Jorge Luis"]
[Result "1-0"]
[WhiteElo "2522"]
[BlackElo "2105"]
[PlyCount "59"]
[EventDate "2009.02.09"]

1. e4 c6 2. d4 d5 3. e5 c5 4. dxc5 Nc6 5. Bb5 e6 6. Be3 Bd7 7. Bxc6 Bxc6 8. Nf3
Ne7 9. c3 Nf5 10. Bd4 Nxd4 11. Qxd4 a5 12. a4 Be7 13. O-O O-O 14. h4 Qc7 15. h5
Rfb8 16. Nbd2 b6 17. cxb6 Rxb6 18. b3 Be8 19. h6 g6 20. Rfc1 Qd8 21. Rd1 Rab8
22. Qf4 Qc7 23. Rac1 Rc6 24. c4 dxc4 25. Nxc4 Rc8 26. Rb1 Rd8 27. Nd6 f6 28.
Nb5 Qb8 29. Rxd8 Bxd8 30. Nd6 1-0

[Event "I Magistral Silla & l'Alcudia Crespins"]
[Site "Alcudia de Crespins - Silla"]
[Date "2009.02.17"]
[Round "6.4"]
[White "Cucarella Montell, Angels"]
[Black "Spassov, Liuben"]
[Result "1/2-1/2"]
[WhiteElo "1954"]
[BlackElo "2417"]
[PlyCount "79"]
[EventDate "2009.02.09"]

1. e4 c5 2. Nf3 e6 3. d4 cxd4 4. Nxd4 a6 5. c4 Nf6 6. Nc3 Bb4 7. Qd3 Qc7 8. Nc2
Be7 9. Be2 d6 10. O-O b6 11. Be3 Bb7 12. f3 Nbd7 13. Rac1 Rc8 14. Qd2 O-O 15.
Rfd1 Qb8 16. Kh1 Rfe8 17. a3 Nc5 18. Na1 Ncd7 19. b4 Bd8 20. Nb3 Bc7 21. Bf4
Ne5 22. Bxe5 dxe5 23. c5 b5 24. a4 bxa4 25. Nxa4 Bc6 26. Nb2 Red8 27. Qc3 Bb5
28. Bc4 h5 29. Kg1 h4 30. Kf2 Qb7 31. Bxb5 axb5 32. Qe3 Ra8 33. Rxd8+ Bxd8 34.
Qd2 Bc7 35. Ra1 Rd8 36. Qe2 Nd7 37. Na5 Qa6 38. Nb3 Qb7 39. Na5 Qa6 40. Nb3
1/2-1/2

[Event "I Magistral Silla & l'Alcudia Crespins"]
[Site "Alcudia de Crespins - Silla"]
[Date "2009.02.17"]
[Round "6.5"]
[White "Fenollar Jorda, Manuel"]
[Black "Dolezal, Cristian"]
[Result "1/2-1/2"]
[WhiteElo "2341"]
[BlackElo "2411"]
[PlyCount "111"]
[EventDate "2009.02.09"]

1. d4 d5 2. Nf3 Nf6 3. e3 g6 4. c4 dxc4 5. Bxc4 Bg7 6. O-O O-O 7. b3 Ne4 8.
Nbd2 Nd6 9. Bb2 c5 10. Qc1 Nxc4 11. Nxc4 cxd4 12. Bxd4 f6 13. Rd1 Qe8 14. e4
Bg4 15. Qf4 Qc8 16. h3 Bxh3 17. gxh3 e5 18. Qg4 f5 19. exf5 exd4 20. Nxd4 gxf5
21. Qf4 Nc6 22. Nxc6 Qxc6 23. Rac1 Bh6 24. Qg3+ Qg6 25. Rc3 Bf4 26. Qxg6+ hxg6
27. Rd4 g5 28. h4 Rac8 29. Rf3 b5 30. Nd6 Bxd6 31. Rxd6 gxh4 32. Rd7 a6 33. Rd6
Kg7 34. Rxa6 Rf6 35. Ra5 Rc5 36. Kh2 Kg6 37. a4 Kg5 38. b4 Rd5 39. Rxb5 Rxb5
40. axb5 Rb6 41. Rc3 Rxb5 42. Rc4 Rd5 43. Rc2 Rb5 44. Rb2 Kg4 45. Rb3 Kg5 46.
Kh3 f4 47. Kg2 Kg4 48. f3+ Kf5 49. Rb1 Kf6 50. Kh3 Kg5 51. Rb3 Kh5 52. Rb2 Kg5
53. Rb1 Kh5 54. Kg2 Kg5 55. Kf2 Kh5 56. Kg2 1/2-1/2

[Event "I Magistral Silla & l'Alcudia Crespins"]
[Site "Alcudia de Crespins - Silla"]
[Date "2009.02.18"]
[Round "7.2"]
[White "Spassov, Liuben"]
[Black "Fenollar Jorda, Manuel"]
[Result "1-0"]
[WhiteElo "2417"]
[BlackElo "2341"]
[PlyCount "107"]
[EventDate "2009.02.09"]

1. d4 d5 2. c4 c6 3. Nf3 Nf6 4. Qc2 e6 5. Bg5 Qa5+ 6. Nbd2 Ne4 7. Bf4 Be7 8. h3
Na6 9. a3 Bd7 10. e3 g5 11. Bh2 h5 12. Rd1 Rc8 13. Ne5 f6 14. Ng6 Rh6 15. Nxe7
Kxe7 16. f3 Nxd2 17. Rxd2 Be8 18. cxd5 exd5 19. Be2 Nc7 20. h4 Ne6 21. hxg5
fxg5 22. Kf2 Bg6 23. Qc1 Rf8 24. b4 Qb6 25. Qc3 a6 26. a4 Ng7 27. b5 axb5 28.
axb5 Be8 29. Qa3+ Kf7 30. Bd6 Rg8 31. Rb2 cxb5 32. Be5 Qe6 33. Bxb5 Bc6 34.
Bxc6 bxc6 35. Rb7+ Kg6 36. Qd3+ Qf5 37. Qxf5+ Nxf5 38. Rc7 Ra8 39. Rxc6+ Kh7
40. Rxh6+ Kxh6 41. Re1 g4 42. e4 Ra2+ 43. Re2 g3+ 44. Ke1 Ra1+ 45. Kd2 Ra2+ 46.
Kd3 Rxe2 47. Kxe2 Nh4 48. Bd6 Nxg2 49. Bxg3 h4 50. Kf2 h3 51. exd5 Kg6 52. d6
Kf7 53. Be5 Nh4 54. d7 1-0

[Event "I Magistral Silla & l'Alcudia Crespins"]
[Site "Alcudia de Crespins - Silla"]
[Date "2009.02.18"]
[Round "7.3"]
[White "Molina Rodriguez, Jorge Luis"]
[Black "Cucarella Montell, Angels"]
[Result "1-0"]
[WhiteElo "2105"]
[BlackElo "1954"]
[PlyCount "53"]
[EventDate "2009.02.09"]

1. d4 f5 2. e4 fxe4 3. Nc3 Nf6 4. Bg5 Nc6 5. d5 Ne5 6. Qe2 c6 7. Bxf6 gxf6 8.
Qxe4 cxd5 9. Nxd5 e6 10. Nc3 Qb6 11. O-O-O Qc7 12. Nf3 Nxf3 13. gxf3 Bh6+ 14.
Kb1 Qe5 15. Qh4 Qg5 16. Qb4 Bf8 17. Qc4 Qc5 18. Qf4 Qe5 19. Qh4 Kf7 20. Qa4 Qc5
21. Rxd7+ Bxd7 22. Qxd7+ Kg6 23. Bd3+ Kh6 24. Qxe6 Qg5 25. f4 Qh4 26. Ne4 Bg7
27. Nd6 1-0

[Event "I Magistral Silla & l'Alcudia Crespins"]
[Site "Alcudia de Crespins - Silla"]
[Date "2009.02.18"]
[Round "7.4"]
[White "Ibañez Aullana, Jose Ramon"]
[Black "Ortiz Suarez, Isam"]
[Result "0-1"]
[WhiteElo "2308"]
[BlackElo "2522"]
[PlyCount "110"]
[EventDate "2009.02.09"]

1. e4 g6 2. d4 Bg7 3. Nf3 d6 4. Be2 Nf6 5. Nc3 O-O 6. O-O a6 7. a4 Nbd7 8. Re1
e6 9. Bf1 b6 10. e5 dxe5 11. dxe5 Ng4 12. Bf4 Bb7 13. h3 Bxf3 14. Qxf3 Ngxe5
15. Qg3 f6 16. Rad1 Qe7 17. Bc1 c6 18. f4 Nf7 19. Qd3 Nb8 20. Qf3 Rc8 21. Be3
b5 22. Qf2 Nd7 23. Ne4 f5 24. Nc5 Nf8 25. Nd3 Re8 26. Bc5 Qc7 27. Bb6 Qb8 28.
Bd4 Bxd4 29. Qxd4 Qa7 30. Qxa7 Rxa7 31. Ne5 Nxe5 32. Rxe5 Nd7 33. Re3 Nb6 34.
Rd6 Nxa4 35. b3 Nb6 36. Rxc6 Nd5 37. Rf3 e5 38. fxe5 Rxe5 39. Rc5 Rae7 40. Rd3
Ne3 41. Rxe5 Rxe5 42. Rd8+ Kg7 43. Rd7+ Kh6 44. Rd6 Rc5 45. c4 bxc4 46. bxc4 a5
47. Ra6 Kg5 48. Ra7 Kf4 49. Rd7 Nxf1 50. Kxf1 Kg3 51. Rg7 Rc6 52. c5 a4 53. h4
Ra6 54. c6 Rxc6 55. h5 a3 0-1

[Event "I Magistral Silla & l'Alcudia Crespins"]
[Site "Alcudia de Crespins - Silla"]
[Date "2009.02.18"]
[Round "7.5"]
[White "Torres Sanchez, Jose"]
[Black "Calvo Alfonso, Vicente"]
[Result "1-0"]
[WhiteElo "2330"]
[BlackElo "2202"]
[PlyCount "65"]
[EventDate "2009.02.09"]

1. e4 e6 2. d4 d5 3. Nc3 Bb4 4. e5 c5 5. Bd2 cxd4 6. Nb5 Bc5 7. Qg4 Kf8 8. Nf3
Nc6 9. Nbxd4 Qb6 10. Nb3 Bxf2+ 11. Kd1 Be3 12. Bd3 Bxd2 13. Nbxd2 Nh6 14. Qf4
Bd7 15. g4 Qb4 16. c4 dxc4 17. a3 Qxb2 18. Rb1 Qc3 19. Be4 Nd4 20. Rxb7 Rd8 21.
Rf1 Ba4+ 22. Ke1 Nb3 23. Ke2 Nc5 24. Rxa7 Bc2 25. Bxc2 Qxc2 26. Qxc4 Qxc4+ 27.
Nxc4 Nxg4 28. Ng5 Nh6 29. Nxf7 Nxf7 30. Rfxf7+ Kg8 31. Rxg7+ Kf8 32. Raf7+ Ke8
33. Nd6+ 1-0

[Event "I Magistral Silla & l'Alcudia Crespins"]
[Site "Alcudia de Crespins - Silla"]
[Date "2009.02.19"]
[Round "8.1"]
[White "Valmaña Canto, Jaime"]
[Black "Calvo Alfonso, Vicente"]
[Result "1-0"]
[WhiteElo "2343"]
[BlackElo "2202"]
[PlyCount "77"]
[EventDate "2009.02.09"]

1. e4 e6 2. d4 d5 3. Nc3 Bb4 4. e5 c5 5. a3 Bxc3+ 6. bxc3 Qa5 7. Bd2 Qa4 8. Qb1
c4 9. Ne2 Nc6 10. Nf4 f6 11. exf6 Nxf6 12. g3 O-O 13. Bg2 b6 14. O-O Bd7 15.
Qb2 Rae8 16. Rae1 Re7 17. Re2 Rfe8 18. Rfe1 Qa5 19. Be3 e5 20. dxe5 Rxe5 21.
Rd2 d4 22. cxd4 Rxe3 23. Red1 Re1+ 24. Bf1 Rxd1 25. Rxd1 Re1 26. Rxe1 Qxe1 27.
Ng2 Qd1 28. c3 Ne4 29. Qb5 Nd2 30. Qd5+ Kf8 31. Ne3 Nf3+ 32. Kh1 Qe1 33. Qxf3+
Ke8 34. Qe4+ Ne7 35. Kg1 Bc6 36. Qxh7 Qxc3 37. d5 Bb5 38. d6 Nc6 39. Qh5+ 1-0

[Event "I Magistral Silla & l'Alcudia Crespins"]
[Site "Alcudia de Crespins - Silla"]
[Date "2009.02.19"]
[Round "8.2"]
[White "Ortiz Suarez, Isam"]
[Black "Torres Sanchez, Jose"]
[Result "1/2-1/2"]
[WhiteElo "2522"]
[BlackElo "2330"]
[PlyCount "87"]
[EventDate "2009.02.09"]

1. e4 e5 2. Nf3 Nc6 3. Bb5 f5 4. d3 fxe4 5. dxe4 Nf6 6. O-O Bc5 7. Qd3 d6 8.
Qc4 Bd7 9. Nc3 Qe7 10. Nd5 Nxd5 11. exd5 Nd4 12. Nxd4 Bxd4 13. c3 Bb6 14. Be3
O-O 15. a4 Bf5 16. Bxb6 axb6 17. f4 e4 18. Rae1 h5 19. Re3 h4 20. Qd4 Rf6 21.
Bd3 Qd7 22. Bc2 b5 23. axb5 Qxb5 24. c4 Qb4 25. Bxe4 Bxe4 26. Rxe4 Ra2 27. Re8+
Rf8 28. Re2 b5 29. Rc1 Qa4 30. h3 Ra1 31. Ree1 Rxc1 32. Rxc1 bxc4 33. Kh2 Qb3
34. Rxc4 Qg3+ 35. Kh1 Re8 36. Rc1 Re2 37. Rg1 Rf2 38. Qc4 Qxf4 39. Qxc7 Rxb2
40. Qc8+ Kh7 41. Qe8 Rf2 42. Qh5+ Kg8 43. Qe8+ Kh7 44. Qh5+ 1/2-1/2

[Event "I Magistral Silla & l'Alcudia Crespins"]
[Site "Alcudia de Crespins - Silla"]
[Date "2009.02.19"]
[Round "8.3"]
[White "Cucarella Montell, Angels"]
[Black "Ibañez Aullana, Jose Ramon"]
[Result "0-1"]
[WhiteElo "1954"]
[BlackElo "2308"]
[PlyCount "66"]
[EventDate "2009.02.09"]

1. e4 g6 2. d4 Bg7 3. Nc3 d6 4. g3 a6 5. a4 Nc6 6. Nge2 Bg4 7. Qd3 e5 8. d5 Nb4
9. Qd2 Bf3 10. Rg1 a5 11. Bg2 Bh6 12. Qd1 Qf6 13. Ra3 Bxg2 14. Rxg2 Bxc1 15.
Qxc1 c6 16. Qd2 Ne7 17. f4 O-O 18. Rf2 cxd5 19. exd5 Qf5 20. fxe5 Qxe5 21. Kf1
Nexd5 22. Nxd5 Nxd5 23. Rd3 Nb4 24. Rxd6 Nxc2 25. Rd7 Ne3+ 26. Kg1 Rac8 27.
Rdxf7 Rxf7 28. Rxf7 Rc2 29. Qd7 Rxe2 30. Re7 Re1+ 31. Kf2 Ng4+ 32. Qxg4 Qxe7
33. Qc4+ Re6 0-1

[Event "I Magistral Silla & l'Alcudia Crespins"]
[Site "Alcudia de Crespins - Silla"]
[Date "2009.02.19"]
[Round "8.4"]
[White "Fenollar Jorda, Manuel"]
[Black "Molina Rodriguez, Jorge Luis"]
[Result "1-0"]
[WhiteElo "2341"]
[BlackElo "2105"]
[PlyCount "67"]
[EventDate "2009.02.09"]

1. d4 c5 2. e3 Nf6 3. c3 cxd4 4. exd4 d5 5. Bd3 Nc6 6. Bf4 Bg4 7. Qb3 Qd7 8.
Nd2 e6 9. Ngf3 Bxf3 10. Nxf3 Bd6 11. Bxd6 Qxd6 12. Qxb7 O-O 13. Qb3 Rab8 14.
Qc2 e5 15. dxe5 Nxe5 16. Nxe5 Qxe5+ 17. Kf1 Rfe8 18. g3 d4 19. c4 Qe6 20. b3
Qc6 21. Kg1 Ne4 22. h4 Nf6 23. Bf1 Ng4 24. Bg2 Qf6 25. Rd1 Rbd8 26. Qd2 d3 27.
Qf4 h5 28. Qxf6 Nxf6 29. Bf3 d2 30. Kg2 Ne4 31. Bxe4 Rxe4 32. Rhf1 Rd3 33. f3
Ree3 34. Rf2 1-0

[Event "I Magistral Silla & l'Alcudia Crespins"]
[Site "Alcudia de Crespins - Silla"]
[Date "2009.02.19"]
[Round "8.5"]
[White "Dolezal, Cristian"]
[Black "Spassov, Liuben"]
[Result "1/2-1/2"]
[WhiteElo "2411"]
[BlackElo "2417"]
[PlyCount "65"]
[EventDate "2009.02.09"]

1. e4 c6 2. d4 d5 3. e5 Bf5 4. h4 Qb6 5. g4 Bd7 6. h5 h6 7. f4 e6 8. Nf3 c5 9.
c3 Nc6 10. Rh2 cxd4 11. cxd4 Bb4+ 12. Kf2 Qc7 13. Bd2 Be7 14. Nc3 a6 15. Kg3
Rc8 16. Rc1 Qb8 17. Na4 Qa7 18. Be3 Bd8 19. Nc5 Nge7 20. Bd3 Nb4 21. Bb1 b6 22.
Nxd7 Qxd7 23. Rxc8 Qxc8 24. f5 Bc7 25. fxe6 fxe6 26. Rf2 Rf8 27. Nh4 Rxf2 28.
Bxf2 Kd7 29. Qf3 Nbc6 30. Bh7 Qe8 31. Qa3 Qc8 32. Qf3 Qe8 33. Qa3 1/2-1/2

[Event "I Magistral Silla & l'Alcudia Crespins"]
[Site "Alcudia de Crespins - Silla"]
[Date "2009.02.20"]
[Round "9.1"]
[White "Spassov, Liuben"]
[Black "Valmaña Canto, Jaime"]
[Result "1-0"]
[WhiteElo "2417"]
[BlackElo "2343"]
[PlyCount "105"]
[EventDate "2009.02.09"]

1. d4 d5 2. c4 c6 3. Nf3 Nf6 4. Qc2 a6 5. Bf4 e6 6. e3 Nbd7 7. Nbd2 c5 8. dxc5
Bxc5 9. Bd3 dxc4 10. Bxc4 b5 11. Bd3 Bb7 12. O-O Rc8 13. Qb1 Qe7 14. Bg3 h6 15.
a4 b4 16. Ne4 O-O 17. Rd1 Rfd8 18. Nd6 Bxd6 19. Bxd6 Qe8 20. Bxb4 Bxf3 21. gxf3
Ne5 22. Be2 Qc6 23. Kg2 Nd5 24. Ba5 Re8 25. Qe4 Nd7 26. b3 Nc5 27. Qc4 Qd7 28.
Be1 Qe7 29. Rac1 Qg5+ 30. Kh1 Qh5 31. Qg4 Qxg4 32. fxg4 Nxb3 33. Rxc8 Rxc8 34.
Bxa6 Rc2 35. Bb7 Ra2 36. Bc6 Nc5 37. a5 Nb3 38. Bxd5 exd5 39. Kg2 Nxa5 40. Rxd5
Nc4 41. Kg3 f6 42. Bc3 Rc2 43. Bd4 Nd2 44. Rd8+ Kf7 45. Rd7+ Ke6 46. Rxg7 Ne4+
47. Kf4 Nxf2 48. Rg6 Nd3+ 49. Ke4 Nf2+ 50. Kf3 Nh1 51. Rxf6+ Kd5 52. Rf5+ Ke6
53. Rh5 1-0

[Event "I Magistral Silla & l'Alcudia Crespins"]
[Site "Alcudia de Crespins - Silla"]
[Date "2009.02.20"]
[Round "9.2"]
[White "Molina Rodriguez, Jorge Luis"]
[Black "Dolezal, Cristian"]
[Result "1/2-1/2"]
[WhiteElo "2105"]
[BlackElo "2411"]
[PlyCount "91"]
[EventDate "2009.02.09"]

1. Nf3 d5 2. d4 Nf6 3. e3 g6 4. c4 Bg7 5. Nc3 O-O 6. Qb3 dxc4 7. Bxc4 a6 8. a4
Nc6 9. a5 Ne8 10. O-O Nd6 11. Bd5 Na7 12. Qd1 Nab5 13. Bd2 Bf5 14. Qe2 c6 15.
Bb3 Ne4 16. Nxe4 Bxe4 17. Bb4 Bd5 18. Bc4 Re8 19. Rad1 f5 20. Rc1 e6 21. Ne5
Qc7 22. Bxd5 exd5 23. f4 Qc8 24. Kh1 Qe6 25. Rce1 h5 26. h3 Rad8 27. Qf3 Bxe5
28. fxe5 Rd7 29. Qf4 Rh7 30. Qh4 Kh8 31. Rd1 Qf7 32. Be1 Nc7 33. Bg3 Ne6 34.
Bf4 Qe7 35. Qxe7 Rexe7 36. h4 Kg7 37. Rc1 Rh8 38. Rc3 g5 39. hxg5 Kg6 40. Rfc1
h4 41. Kh2 Rh5 42. Rf1 Reh7 43. Rf3 Nxg5 44. Bxg5 Rxg5 45. Rf2 Rc7 46. b4
1/2-1/2

[Event "I Magistral Silla & l'Alcudia Crespins"]
[Site "Alcudia de Crespins - Silla"]
[Date "2009.02.20"]
[Round "9.3"]
[White "Ibañez Aullana, Jose Ramon"]
[Black "Fenollar Jorda, Manuel"]
[Result "0-1"]
[WhiteElo "2308"]
[BlackElo "2341"]
[PlyCount "61"]
[EventDate "2009.02.09"]

1. d4 d5 2. Nf3 Nf6 3. c4 c6 4. e3 e6 5. Bd3 Nbd7 6. Nc3 dxc4 7. Bxc4 b5 8. Bd3
a6 9. a4 b4 10. Ne4 c5 11. dxc5 Bxc5 12. Qc2 Qe7 13. Bd2 Bb7 14. O-O a5 15.
Nxc5 Nxc5 16. Bb5+ Nfd7 17. Nd4 O-O 18. f3 Rac8 19. Qd1 f5 20. Qe2 Nb6 21. Bc4
Nxc4 22. Qxc4 Ba6 23. Qc2 Bxf1 24. Kxf1 e5 25. Nb3 Nxb3 26. Qxb3+ Qf7 27. Qd3
Rfe8 28. Qa6 Qc4+ 29. Qxc4+ Rxc4 30. Be1 Rc2 31. Rb1 0-1

[Event "I Magistral Silla & l'Alcudia Crespins"]
[Site "Alcudia de Crespins - Silla"]
[Date "2009.02.20"]
[Round "9.5"]
[White "Calvo Alfonso, Vicente"]
[Black "Ortiz Suarez, Isam"]
[Result "0-1"]
[WhiteElo "2202"]
[BlackElo "2522"]
[PlyCount "62"]
[EventDate "2009.02.09"]

1. d4 g6 2. Nf3 Bg7 3. Bf4 d6 4. e3 Nd7 5. Bc4 e5 6. Bg3 Ne7 7. dxe5 dxe5 8.
Bxf7+ Kxf7 9. Ng5+ Kg8 10. Qd3 c6 11. Qd6 Qe8 12. e4 Nb6 13. Nd2 h6 14. Ngf3
Qd7 15. Qc5 Qe6 16. a4 Nd7 17. Qc3 Kh7 18. h4 Rf8 19. O-O c5 20. Qd3 Nc6 21. c3
Nf6 22. a5 Nh5 23. Qb5 Qe7 24. Nc4 a6 25. Qa4 Bg4 26. Nb6 Bxf3 27. Nxa8 Be2 28.
Rfe1 Bb5 29. Qa2 Rxa8 30. b4 cxb4 31. c4 b3 0-1